Los orígenes de los incas (Record no. 107607)

MARC details
000 -LEADER
campo de control de longitud fija 01046nam a2200241 i 4500
001 - NÚMERO DE CONTROL
campo de control 107607
003 - IDENTIFICADOR DE NÚMERO DE CONTROL
campo de control ES-MaACL
005 - FECHA Y HORA DE LA ÚLTIMA TRANSACCIÓN
campo de control 20250824230912.0
007 - CAMPO FIJO DE DESCRIPCIÓN FÍSICA--INFORMACIÓN GENERAL
campo de control de longitud fija t|
008 - DATOS DE LONGITUD FIJA--INFORMACIÓN GENERAL
campo de control de longitud fija 061121s1946 sp r ||||1| spa d
100 1# - ENTRADA PRINCIPAL--NOMBRE DE PERSONA
Nombre de persona Murua, Martín de.
9 (RLIN) 216039
245 14 - MENCIÓN DEL TÍTULO
Título Los orígenes de los incas
Resto del título : crónica sobre el antiguo Perú escrita en el año de 1590 por el padre mercedario fray Martín de Morúa; estudio bio-bibilográfico sobre el autor por Raúl Porras Barrenechea.
260 ## - PUBLICACIÓN, DISTRIBUCIÓN, ETC.
Lugar de publicación, distribución, etc. Lima :
Nombre del editor, distribuidor, etc. [s.n],
Fecha de publicación, distribución, etc. 1946 (
Fabricante Imp. Domingo Miranda)
300 ## - DESCRIPCIÓN FÍSICA
Extensión XVII, 228 p. ;
Dimensiones 18 cm.
490 1# - MENCIÓN DE SERIE
Mención de serie Los pequeños grandes libros de historia americana: serie I ;
Designación de volumen o secuencia T. XI
650 04 - PUNTO DE ACCESO ADICIONAL DE MATERIA--TÉRMINO DE MATERIA
Término de materia o nombre geográfico como elemento de entrada Incas.
9 (RLIN) 13645
651 #4 - PUNTO DE ACCESO ADICIONAL DE MATERIA--NOMBRE GEOGRÁFICO
Nombre geográfico Perú-
Subdivisión general Historia-
Subdivisión cronológica Epoca prehispánica, hasta 1522.
9 (RLIN) 9228
651 #4 - PUNTO DE ACCESO ADICIONAL DE MATERIA--NOMBRE GEOGRÁFICO
Nombre geográfico Perú-
Subdivisión general Historia-
Subdivisión cronológica Descubrimiento y conquista, 1522-1548.
9 (RLIN) 9226
700 1# - ENTRADA AGREGADA--NOMBRE PERSONAL
Nombre de persona Porras Barrenechea, Raúl.
9 (RLIN) 93148
830 04 - PUNTO DE ACCESO ADICIONAL DE SERIE-TÍTULO UNIFORME
Título uniforme Los pequeños grandes libros de historia americana
Designación de volumen o secuencia T. XI
9 (RLIN) 220909
852 ## - LOCALIZACIÓN
Ubicación ES-MaACL
Número de control de estantería E-1137
Sublocalización o colección R.27281
Holdings
Estatus retirado Estado de pérdida Estado de daño No para préstamo Biblioteca de origen Biblioteca actual Ubicación en estantería Fecha de adquisición Fuente de adquisición Total de préstamos Signatura topográfica completa Código de barras Visto por última vez Precio de reemplazo Tipo de ítem Koha
        Biblioteca del Ateneo de Madrid Biblioteca del Ateneo de Madrid Depósito 2 17/01/2008     E-1137 1112301 23/02/2023 23/02/2023 Libro impreso